000 00370cam a2200157ua 4500
041 _amal
_h
082 _a894.8122
_bNAI/GOE
100 _aNair , K K .
245 _aGorkiyude Natakangal /
_cK K Nair.
_hTextual Documents
250 _a1 /
_b.
260 _a :
_bPrabhatan Pub Co ,
_c1957.
300 _a464 ; .
504 _a
942 _cBK
999 _c3971
_d3971